Memoria y documentos presentados en la Consulta Técnica sobre utilización de las especies pelágicas pequeñas en el área Mediterránea : (Record no. 56961)

MARC details
000 -LEADER
campo de control de longitud fija 00976nam a2200205 i 4500
001 - NÚMERO DE CONTROL
campo de control 56961
003 - IDENTIFICADOR DE NÚMERO DE CONTROL
campo de control ES-MaACL
005 - FECHA Y HORA DE LA ÚLTIMA TRANSACCIÓN
campo de control 20230906163503.0
007 - CAMPO FIJO DE DESCRIPCIÓN FÍSICA--INFORMACIÓN GENERAL
campo de control de longitud fija t|
008 - DATOS DE LONGITUD FIJA--INFORMACIÓN GENERAL
campo de control de longitud fija 031014s1982 sp ||||1| spa d
110 1# - ENTRADA PRINCIPAL--NOMBRE DE ENTIDAD CORPORATIVA
Nombre de entidad corporativa o nombre de jurisdicción como elemento de entrada España.
Unidad subordinada Dirección General de Pesca Marítima.
9 (RLIN) 3765
245 10 - MENCIÓN DEL TÍTULO
Título Memoria y documentos presentados en la Consulta Técnica sobre utilización de las especies pelágicas pequeñas en el área Mediterránea :
Resto del título Madrid, 11-14 de mayo de 1981 /
Mención de responsabilidad, etc. Dirección General de Pesca Marítima, Consejo General de Pesca del Mediterráneo (FAO), Instituto del Frío.
260 ## - PUBLICACIÓN, DISTRIBUCIÓN, ETC.
Lugar de publicación, distribución, etc. Madrid :
Nombre del editor, distribuidor, etc. Servicio de Publicaciones Agrarias,
Fecha de publicación, distribución, etc. [1982]
300 ## - DESCRIPCIÓN FÍSICA
Extensión 224 p. :
Otras características físicas gráf. ;
Dimensiones 25 cm.
650 #4 - PUNTO DE ACCESO ADICIONAL DE MATERIA--TÉRMINO DE MATERIA
Término de materia o nombre geográfico como elemento de entrada Pesca-
Subdivisión geográfica Mediterráneo.
9 (RLIN) 172213
710 2# - ENTRADA AGREGADA--NOMBRE DE ENTIDAD CORPORATIVA
Nombre de entidad corporativa o nombre de jurisdicción como elemento de entrada Consejo General de Pesca del Mediterráneo.
9 (RLIN) 172214
710 2# - ENTRADA AGREGADA--NOMBRE DE ENTIDAD CORPORATIVA
Nombre de entidad corporativa o nombre de jurisdicción como elemento de entrada Instituto del Frío.
9 (RLIN) 172215
710 1# - ENTRADA AGREGADA--NOMBRE DE ENTIDAD CORPORATIVA
Nombre de entidad corporativa o nombre de jurisdicción como elemento de entrada España.
Unidad subordinada Ministerio de Agricultura.
-- Servicio de Publicaciones Agrarias.
9 (RLIN) 172211
852 ## - LOCALIZACIÓN
Ubicación ES-MaACL
Número de control de estantería L-4241
Holdings
Estatus retirado Estado de pérdida Estado de daño No para préstamo Biblioteca de origen Biblioteca actual Ubicación en estantería Fecha de adquisición Fuente de adquisición Total de préstamos Signatura topográfica completa Código de barras Visto por última vez Precio de reemplazo Tipo de ítem Koha
        Biblioteca del Ateneo de Madrid Biblioteca del Ateneo de Madrid Depósito 2 17/01/2008     L-4241 1059815 23/02/2023 23/02/2023 Libro impreso